000 01687cam a2200313 4500
001 ##L133581
002 ##10030
008 060519n2006 000 0 eng u
020 _a1860819109
035 _a(Sirsi) u133581
041 0 _aeng
050 0 4 _a692.2 $2 18
110 2 _aBuilding Research Establishment
245 0 0 _aPart L explained
_bthe BRE guide
260 _aWatford
_bBRE Press
_c2006
300 _ax, 110p.
_bgraphs, tables.
_c22cm.
350 _a25
505 2 _aIntroduction - Review of Part L -- Energy performance of buildings directive -- Implementing the changes to Part L -- National calculation methodology -- Part L regulations and approved guidance -- Construction of new buildings -- Work in existing buildings.
520 _aPresented in a concise and accessible format, this book explains the energy performance requirements in the 2006 edition of Part L of the Building Regulations. Discusses the background to the changes, the energy performance of buildings directive (Directive 2002/91/EC), the regulations and approved guidance that implement the changes, designing buildings to meet the new carbon dioxide targets, and new standards for work in existing buildings.
590 _aIKA200606, KA
650 2 4 _aDIRECTIVE 2002/91/EC
650 2 4 _aBUILDING REGULATIONS 2000 APPROVED DOCUMENT L1A (2006 EDITION)
650 2 4 _aBUILDING REGULATIONS 2000 APPROVED DOCUMENT L1B (2006 EDITION)
650 2 4 _aBUILDING REGULATIONS 2000 APPROVED DOCUMENT L2A (2006 EDITION)
650 2 4 _aBUILDING REGULATIONS 2000 APPROVED DOCUMENT L2B (2006 EDITION)
651 4 _aEngland and Wales
_y1543-
690 _aBuilding regulations
_96224
942 _n0
999 _c105429
_d105429